Comédies / (Registro nro. 42773)
[ vista simple ]
| 000 -CABECERA | |
|---|---|
| campo de control de longitud fija | 00634nam a2200181 a 4500 |
| 001 - NÚMERO DE CONTROL | |
| campo de control | 000043284 |
| 005 - FECHA Y HORA DE LA ÚLTIMA TRANSACCIÓN | |
| campo de control | 20201002040804.0 |
| 008 - DATOS DE LONGITUD FIJA--INFORMACIÓN GENERAL | |
| campo de control de longitud fija | 140304s1935 sp 000 0 spa d |
| 040 ## - FUENTE DE LA CATALOGACIÓN | |
| Centro catalogador/agencia de origen | DO-SdBNP |
| Lengua de catalogación | spa |
| Centro/agencia transcriptor | BNPHU |
| 100 1# - ENTRADA PRINCIPAL--NOMBRE DE PERSONA | |
| Nombre de persona | Plaute |
| 9 (RLIN) | 70904 |
| 245 10 - MENCIÓN DE TÍTULO | |
| Título | Comédies / |
| Mención de responsabilidad, etc. | Plaute ; text revisat i traducció de Marçal Olivar. |
| 260 ## - PUBLICACIÓN, DISTRIBUCIÓN, ETC. | |
| Lugar de publicación, distribución, etc. | Barcelona : |
| Nombre del editor, distribuidor, etc. | Fundació Bernat Metge, |
| Fecha de publicación, distribución, etc. | 1935. |
| 490 1# - MENCIÓN DE SERIE | |
| Mención de serie | Escriptors llatins |
| 505 0# - NOTA DE CONTENIDO CON FORMATO | |
| Información miscelánea | v. 3 |
| Título | Els Captius Càsina |
| 504 ## - NOTA DE BIBLIOGRAFÍA, ETC. | |
| Nota de bibliografía, etc. | Incluye referencias bibliográficas y notas al pie de las páginas |
| 700 1# - PUNTO DE ACCESO ADICIONAL--NOMBRE DE PERSONA | |
| Nombre de persona | Olivar, Marçal |
| Término indicativo de función/relación | tr. |
| 9 (RLIN) | 70905 |
| 830 #0 - PUNTO DE ACCESO ADICIONAL DE SERIE-TÍTULO UNIFORME | |
| Título uniforme | Escriptors llatins, text i traducció |
| 9 (RLIN) | 70906 |
| Estado de retiro | Estado de pérdida | Restricciones de uso | No para préstamo | Código de colección | Localización permanente | Ubicación/localización actual | Ubicación en estantería | Fecha de adquisición | Número de inventario | Total de préstamos | Signatura topográfica completa | Código de barras | Fecha visto por última vez | Precio válido a partir de | Tipo de ítem Koha |
|---|---|---|---|---|---|---|---|---|---|---|---|---|---|---|---|
| Monografías: Libros y Folletos | General | General | Orden iniciada | 04.03.2014 | LF1 | 43284-10 | 25.06.2020 | 25.06.2020 | No se presta |
